01117cam a22002895a 450000100100000000500170001000800410002702000150006802000180008304000310010108200250013210000480015724500860020524600350029125000310032626000460035730000340040350400510043765000410048865000330052965300220056270000240058470000890060894200080069799900170070595201050072200904593120180123113512.0020629s2002 nyua frb 001 0 eng d a0071210598 a9780071210591 aStDuBDSdUkdEG-ScBUEbeng04a624.1760212222bYOU1 aYoung, Warren C.q(Warren Clarence),d1923-10aRoark's formulas for stress and strain /cWarren C. Young and Richard G. Budynas.3 aFormulas for stress and strain a7th ed., International ed. aNew York ;aLondon :bMcGraw-Hill,c2002. axii, 852 p. :bill. ;c23 cm. aIncludes bibliographical references and index. 7aStrength of materials.2BUEsh910669 7aStrains and stresses.2BUEsh bGGENcJanuary20181 aBudynas, Richard G.1 aRoark, Raymond J.q(Raymond Jefferson),d1890-1966.tFormulas for stress and strain. 2ddc c25994d25966 00102ddc4070aMAINbMAINc1STd2018-01-23l0o624.1760212 YOUp000047160r2025-07-15 00:00:00yBB